| 000 | 01549cam a2200229 4500 | ||
|---|---|---|---|
| 001 | ##L133913 | ||
| 008 | 060619n2006 000 0 eng u | ||
| 035 | _a(Sirsi) u133913 | ||
| 041 | 0 | _aeng | |
| 050 | 0 | 4 | _a333.33 $2 18 |
| 110 | 2 | _aRightmove | |
| 245 | 0 | 4 |
_aThe Rightmove house price index _bJune edition |
| 260 |
_aLondon _bRightmove _c2006 |
||
| 490 | 0 |
_aRightmove House Price Index _v19 June 2006 |
|
| 520 | _aThe June edition shows trends in asking prices up to 19 June 2006. Average national asking prices rose by 0.8% (£1 613) in the last month with the average property asking price now standing at £211 442. The annual rate has increased from 5.9% to 6.4% in line with the Rightmove revised 2006 forecast announced last month. The average annual rise in southern England now stands at 9.4% in contrast to 2.7% in the northern regions. The four year trend of the northern regions catching up with southern England has come to an end as the gap widens. Property is now 55% more expensive in the southern regions than in the northern regions, up from a low of 46% in September 2005. A rise in interest rates could hit activity hardest in the regions further away from London. | ||
| 590 | _aIKA200606 | ||
| 650 | 2 | 4 | _aRIGHTMOVE HOUSE PRICE INDEX |
| 651 | 4 |
_aEngland and Wales _y1543- |
|
| 690 | _aPROPERTY-RESIDENTIAL PROPERTY-RESIDENTIAL PROPERTY MARKET | ||
| 856 | 4 | 0 |
_uhttps://www.rightmove.co.uk/template/publicsite%2Caboutus%2CRTPRArchive.vm _z View the house price index free of charge at www.rightmove.co.uk... |
| 942 | _n0 | ||
| 999 |
_c105508 _d105508 |
||